Industrial engineering journal (Record no. 91164)

MARC details
000 -LEADER
fixed length control field 00615nam a22001817a 4500
005 - DATE AND TIME OF LATEST TRANSACTION
control field 20150203122036.0
008 - FIXED-LENGTH DATA ELEMENTS--GENERAL INFORMATION
fixed length control field 150203b xxu||||| |||| 00| 0 eng d
022 ## - INTERNATIONAL STANDARD SERIAL NUMBER
International Standard Serial Number 0970-2555
040 ## - CATALOGING SOURCE
Original cataloging agency dpl
082 ## - DEWEY DECIMAL CLASSIFICATION NUMBER
Classification number 620.11
245 ## - TITLE STATEMENT
Title Industrial engineering journal
260 ## - PUBLICATION, DISTRIBUTION, ETC. (IMPRINT)
Place of publication, distribution, etc Navi Mumbai
Name of publisher, distributor, etc Industrial Engineering Journal
300 ## - PHYSICAL DESCRIPTION
Extent v.
Dimensions 28cm.
310 ## - CURRENT PUBLICATION FREQUENCY
Current publication frequency Monthly
530 ## - ADDITIONAL PHYSICAL FORM AVAILABLE NOTE
Additional physical form available note Online version available.
270 ## - ADDRESS
Address IIIE Bhavan,Plot No.103,Sector 15,CBD Belapur,Navi Mumbai
City Mumbai
Country India
Electronic mail address iiiejournal@gmail.com
Postal code 400614
Telephone number 022-27579412
Fax number 022-27578526
Public note www.iiie.india.com
942 ## - ADDED ENTRY ELEMENTS (KOHA)
Source of classification or shelving scheme Dewey Decimal Classification
Item type Periodicals
Serial record 1
Call number prefix 620.11
Call number suffix IEJ
Holdings
Withdrawn status Lost status Source of classification or shelving scheme Damaged status Not for loan Collection code Home library Current library Date acquired Total Checkouts Full call number Date last seen Price effective from Koha item type
    Dewey Decimal Classification   Not For Loan Non-fiction D.B.Act.Division D.B.Act.Division 03/02/2015   620.11 IEJ 03/02/2015 03/02/2015 Periodicals

© Delhi Public Library
Hit Counter
free hit counter